000 00918cab a2200193 4500
001 L135805
008 061212n2006 000 0 eng u
035 _a(Sirsi) u135805
041 0 _aeng
100 1 _aHenderson, David
245 0 0 _aDesign and build
_bhelping the facilities manager
260 _c2006
490 0 _aFacilities Management
_v14(2) November 2006, 16-17(2)
520 _aDiscusses the advantages and disadvantages in hiring single contractors to design and construct new workspaces. The task of organising an office fit-out, move or refurbishment project can involve negotiating several contracts, and taking into account a considerable amount of legislative requirements. Concludes that having a single point of contact can result in more coherent and consistent approaches to projects.
590 _aKA
651 4 _aUnited Kingdom
_y
690 _aCOMMERCIAL PROPERTY-MANAGEMENT
942 _n0
999 _c78002
_d78002